1944 1838 1666 1335 1947 1167 1270 1021 1116 1464 1573 1594 1998 1425 1834 1121 1273 1745 1313 1565 1892 1988 1308 1496 1168 1953 1875 1232 1744 1066 1286 1353 1147 1498 1178 1721 1796 1232 1717 1527 1687 1627 1026 1435 1517 1347 1689 1362 1799 1296 1923 1047 1725 1822 1006 1327 1830 1256 1814 1627 1191 1132 1674 1716 1354 1449 1029 1996 1776 1196 1167 1476 1478 1854 1423 1622 1453 1495 1249 1599 1223 1880 1544 1007 1693 1102 1728 1857 1311 1498 1189 1348 1874 1770 1054 1726 1416 1531 1481 BCNSPRNW ULIB Ver.6.0+V

เปลี่ยนเป็นภาษาไทย

Change to English
 แสดงรายละเอียดบรรณานุกรม
  กลับหน้าหลัก

Brief Record : Get Marc (ISO 2709) : E-mail record : QR code < ปิดหน้าต่าง
LEADER : 00000nam 2200000uu 4500
001    13399127568
003     ULIB
008    210204s2561||||th 000 0 tha d
020    ^a9786169267836 ^c420
060 04 ^aWM188^bอ942
245 00 ^aAtlas & practice of sleep medicine /^c[บรรณาธิการ]กัลยา ปัญจพรผล [และคนอื่นๆ]
246 30 ^aAtlas and practice of sleep medicine
250    ^aพิมพ์ครั้งที่ 1
260    ^aกรุงเทพฯ :^bสมาคมโรคจากการหลับแห่งประเทศไทย,^c2561
300    ^axiv, 268 หน้า :^bภาพประกอบ;^c30 ซม
504    ^aบรรณานุกรมท้ายบทและดรรชนีท้ายเล่ม
650  7 ^aการนอนหลับ
650  2 ^aการนอนหลับผิดปกติ
700 0  ^aกัลยา ปัญจพรผล,^eบรรณาธิการ
710 2  ^aสมาคมโรคจากการหลับแห่งประเทศไทย
945    ^p420^l0^i007542
945    ^p420^l0^i007543
945    ^p420^l0^i007544
999    ^aประนอม เกษจรัล
รายการนี้ยังไม่มีแท็ก
คุณยังไม่ได้ล็อกอิน คุณสามารถมีกิจกรรมร่วมกับเว็บไซต์ได้ แต่ต้องล็อกอินก่อน ::
  ล็อกอิน

รายการสื่อสารสนเทศ

ลำดับที่ ประเภท เลขเรียก/บาร์โค้ด สถานที่ สถานะ
1. วิทยาศาสตร์การแพทย์ และสุขภาพ
หนังสือสำรอง
สถานะ=หนังสือสำรอง
WM188 อ942 ฉ.1 
  Barcode: 007542
ห้องสมุดวิทยาเขตสวรรค์ประชารักษ์
►หนังสือทั่วไป
บนชั้น
2. วิทยาศาสตร์การแพทย์ และสุขภาพ
วิทยาศาสตร์การแพทย์ และสุขภาพ
WM188 อ942 ฉ.2 
  Barcode: 007543
ห้องสมุดวิทยาเขตสวรรค์ประชารักษ์
►หนังสือทั่วไป
บนชั้น
3. วิทยาศาสตร์การแพทย์ และสุขภาพ
วิทยาศาสตร์การแพทย์ และสุขภาพ
WM188 อ942 ฉ.3 
  Barcode: 007544
ห้องสมุดวิทยาเขตสวรรค์ประชารักษ์
►หนังสือทั่วไป
บนชั้น

รายการใกล้เคียง
    หัวเรื่อง [การนอนหลับ]
    หัวเรื่อง [การนอนหลับผิดปกติ]

BibComment


ยังไม่เคยถูกคอมเมนท์

คอมเมนท์ทรัพยากรรายการนี้
  คอมเมนท์: Atlas practice ..


 Copyright 2026. Bcnsprnw @Library